000 00447cam a2200145 4500500
005 20251012012042.0
041 _afre
042 _adc
100 1 0 _aRontard, Yseult
_eauthor
245 0 0 _aRepérages/Août 2020
260 _c2020.
500 _a14
786 0 _nPhilosophie magazine | 141 | 8 | 2020-08-01 | p. 3-3 | 1951-1787
856 4 1 _uhttps://shs.cairn.info/magazine-philosophie-magazine-2020-8-page-3?lang=fr&redirect-ssocas=7080
999 _c1525248
_d1525248